=LDR 00000nam 2200000 4500 =001 INLIS000000000046567 =005 20150409130541.0 =006 =007 =008 =035 ##$$0010-041500000000049 =082 ##$$a 507.6 =090 ##$$a 507.6 tim i =100 ##$$a tim abdi guru =245 ##$$a ipa terpadu =260 ##$$a erlangga =300 ##$$a 1760cm. =850 ##$$a NPBMAT =990 ##$$a 0001/BPAP-NTB/20142015